Diccionario de Economía/ (Registro nro. 9734)

Detalles MARC
000 -LEADER
fixed length control field 00903nam a2200205Ia 4500
005 - FECHA Y HORA DE LA ÚLTIMA TRANSACCIÓN
control field 20231012162707.0
008 - FIXED-LENGTH DATA ELEMENTS--GENERAL INFORMATION
fixed length control field 231011s9999 xx 000 0 und d
020 ## - INTERNATIONAL STANDARD BOOK NUMBER
International Standard Book Number 950-743-221-3
040 ## - CATALOGING SOURCE
Original cataloging agency UPAN
Transcribing agency Biblioteca San Vicente
Description conventions RCAA2
041 ## - LANGUAGE CODE
Language code of text/sound track or separate title spa
082 ## - DEWEY DECIMAL CLASSIFICATION NUMBER
Classification number 330.3
Item number G743d
año de publicación 2003
100 ## - MAIN ENTRY--PERSONAL NAME
Personal name Greco, Orlando
Relator code aut.
245 #0 - TITLE STATEMENT
Title Diccionario de Economía/
Statement of responsibility, etc Orlando Greco
250 ## - EDITION STATEMENT
Edition statement 2º ed.
260 ## - PUBLICATION, DISTRIBUTION, ETC. (IMPRINT)
Place of publication, distribution, etc Buenos Aires:
Name of publisher, distributor, etc Valletta,
Date of publication, distribution, etc 2003
300 ## - PHYSICAL DESCRIPTION
Extent 491 p.;
Dimensions 26 cm.
505 ## - FORMATTED CONTENTS NOTE
Formatted contents note Es una herrameinta fundamental e indispensable para profesionales, empresas, comerciantes, estudiantes y en general, para todos aquellos vinculados de una u otra forma con el quehacer econòmico, nacional e internacional. Ademàs, contiene un ANEXO totalmente actualizado con informaciòn econòmica y polìtica de todos los paìses del mundo.
650 ## - SUBJECT ADDED ENTRY--TOPICAL TERM
Source of heading or term LEMB
Form subdivision Diccionario
General subdivision Economía
942 ## - ADDED ENTRY ELEMENTS (KOHA)
Koha item type Libros
Source of classification or shelving scheme Dewey Decimal Classification
Existencias
Withdrawn status Lost status Source of classification or shelving scheme Damaged status Not for loan Collection code Home library Current library Date acquired Total Checkouts Full call number Barcode Date last seen Copy number Price effective from Koha item type
    Dewey Decimal Classification     Referencia Biblioteca UPAN San Vicente Biblioteca UPAN San Vicente 12/10/2023   330.3 G743d 12002034 12/10/2023 01 12/10/2023 Libros